Reticulations (Record no. 59637)
[ view plain ]
| 000 -LEADER | |
|---|---|
| fixed length control field | 01648nam a2200373 a 4500 |
| 082 04 - DEWEY DECIMAL CLASSIFICATION NUMBER | |
| Classification number | 320.092 |
| 100 1# - MAIN ENTRY--AUTHOR NAME | |
| Personal name | Armstrong, Philip, |
| 245 10 - TITLE STATEMENT | |
| Title | Reticulations |
| 260 ## - PUBLICATION, DISTRIBUTION, ETC. (IMPRINT) | |
| Place of publication | Minneapolis, Minn. : |
| Name of publisher | University of Minnesota Press, |
| Year of publication | 2009. |
| 300 ## - PHYSICAL DESCRIPTION | |
| Number of Pages | xxiii, 307 p. : |
| Other physical details | ill. |
| 490 1# - SERIES STATEMENT | |
| Series statement | Electronic mediations ; |
| 505 0# - FORMATTED CONTENTS NOTE | |
| Formatted contents note | The deposition of the political -- From paradox to partage : on citizenship and teletechnologies -- The disposition of being -- Being communist -- Seattle and the space of exposure. |
| 650 #0 - SUBJECT ADDED ENTRY--TOPICAL TERM | |
| Topical Term | Political science |
| 856 40 - ELECTRONIC LOCATION AND ACCESS | |
| Uniform Resource Identifier | http://site.ebrary.com/lib/rucke/Doc?id=10318096 |
No items available.
